Projecto de tratado que institui uma Constituição para a Europa (Registo nº 3)

Detalhes MARC
000 -Etiqueta do registo
Cabeçalho 00804cam a2200301 4500
005 - Identificador da versão
Campo de controlo 20240813121751.0
010 ## - Número internacional normalizado dos livros (ISBN)
Número (ISBN) 9278401757
035 ## - Other System Control Numbers
System Control Number 0000003
System Control Number 0000003
System Control Number 0000003
System Control Number 0000003
100 ## - Dados gerais de processamento
Dados gerais de processamento 20030826d2003 m y0pory5003 ba
102 ## - Pais de publicação ou produção
País de publicação Luxemburgo
101 0# - Língua de publicação
Língua do texto, banda sonora, etc. Português
106 ## - Campo de dados codificados: material textual
Dados codificados do material textual r
105 ## - Campo de dados codificados: livros
Dados codificados dos livros y z 000yy
215 ## - Descrição física 
Indicação específica da natureza do documento e extensão da espécie 161, [2] p.
Dimensões 18 cm
200 1# - Titulo e menção de responsabilidade
Título próprio Projecto de tratado que institui uma Constituição para a Europa
Primeira menção de responsabilidade União Europeia
225 2# - Colecção 
Título próprio da colecção Convite à Música
210 ## - Publicação, Distribuição, etc. 
Lugar da edição, distribuição, etc. [Luxemburgo]
Nome do editor, distribuidor, etc. Convenção Europeia
Data da publicação, distribuição, etc. cop. 2003
675 ## - Classificação Decimal Universal (CDU)
Notação 341.24(4-672)UE"2003"
Notação 342.4(4-672)UE"2003"
710 02 - Nome de colectividade-autor (responsabilidade principal)
Número de registo de entrada de autoridade 0000007
Palavra de ordem União Europeia
966 ## - Identificação da Biblioteca
Sigla NUMETECA
942 ## - Elementos de entrada adicionados (Koha)
Tipo de item no Koha Livro
Exemplares
Situação do levantamento Origin of item (home branch) (coded) Biblioteca de empréstimo Código de barras Cota Circulation type (not for loan) Tipo de documento Nota do exemplar Damaged status
  Biblioteca Escolar Eng. Nuno Mergulhão Biblioteca Escolar Eng. Nuno Mergulhão BENM1033 341 POL   Livro Sem mensagem